[Event "Pfarrkirchen Rottal op 2nd"]
[Site "Pfarrkirchen"]
[Date "2018.04.02"]
[Round "7"]
[White "Vicze, Kata"]
[Black "Soeder, Wolfgang"]
[Result "1/2-1/2"]
[WhiteElo "1656"]
[BlackElo "1914"]
[PlyCount "69"]
[EventDate "2018.03.30"]
[EventType "swiss"]
[EventRounds "7"]
[EventCountry "GER"]
[SourceTitle "CBM 183 Extra"]
[Source "ChessBase"]
[SourceDate "2018.04.19"]
[SourceVersion "1"]
[SourceVersionDate "2018.04.19"]
[SourceQuality "1"]

1. e4 c6 2. c4 d5 3. cxd5 cxd5 4. exd5 Qxd5 5. Nc3 Qa5 6. d4 Nf6 7. Nf3 e6 8. Bd3 Nc6 9. 0-0 Be7 10. a3 a6 11. Bc2 Nb4 12. Ba4+ Nc6 13. Be3 b5 14. b4 Qd8 15. Bc2 Bb7 16. Rc1 Rc8 17. Bb1 Nb8 18. Ng5 h6 19. Nge4 Nbd7 20. Qd2 Nxe4 21. Nxe4 Nb6 22. Nc5 Bxc5 23. dxc5 Qxd2 24. Bxd2 Nc4 25. Bc3 f6 26. Ba2 Bd5 27. Bxc4 Bxc4 28. Rfe1 Ke7 29. Rcd1 Rhd8 30. f3 Bb3 31. Rd4 Rxd4 32. Bxd4 Rd8 33. Be3 Rd3 34. Kf2 Bc4 35. Ra1 1/2-1/2

[Event "Pfarrkirchen Rottal op 2nd"]
[Site "Pfarrkirchen"]
[Date "2018.04.01"]
[Round "5"]
[White "Soeder, Wolfgang"]
[Black "Neuwerth, Chulian"]
[Result "0-1"]
[WhiteElo "1914"]
[BlackElo "1864"]
[PlyCount "68"]
[EventDate "2018.03.30"]
[EventType "swiss"]
[EventRounds "7"]
[EventCountry "GER"]
[SourceTitle "CBM 183 Extra"]
[Source "ChessBase"]
[SourceDate "2018.04.19"]
[SourceVersion "1"]
[SourceVersionDate "2018.04.19"]
[SourceQuality "1"]

1. d4 d5 2. Bf4 Nf6 3. e3 Bf5 4. Nd2 e6 5. Ngf3 Bd6 6. Bg5 Nbd7 7. Nh4 Bg6 8. Nxg6 hxg6 9. f4 c6 10. Bd3 Qb6 11. Rb1 c5 12. c3 Rc8 13. Bxf6 gxf6 14. Qf3 cxd4 15. exd4 f5 16. Qg3 Nf6 17. 0-0 Ne4 18. Nxe4 fxe4 19. Be2 Kd7 20. Qg4 Rcg8 21. h3 f5 22. Qg5 Be7 23. Qg3 g5 24. fxg5 Rxg5 25. Qe3 Rhg8 26. g4 R5g7 27. Kh1 Bg5 28. Qg3 f4 29. Qh2 Rh8 30. Qg2 Rgh7 31. Kh2 Qd6 32. Bf3 Rxh3+ 33. Qxh3 Rxh3+ 34. Kxh3 exf3 0-1

[Event "Pfarrkirchen Rottal op 2nd"]
[Site "Pfarrkirchen"]
[Date "2018.03.30"]
[Round "1"]
[White "Soeder, Wolfgang"]
[Black "Auer, Maximilian"]
[Result "1-0"]
[WhiteElo "1914"]
[BlackElo "1183"]
[PlyCount "83"]
[EventDate "2018.03.30"]
[EventType "swiss"]
[EventRounds "7"]
[EventCountry "GER"]
[SourceTitle "CBM 183 Extra"]
[Source "ChessBase"]
[SourceDate "2018.04.19"]
[SourceVersion "1"]
[SourceVersionDate "2018.04.19"]
[SourceQuality "1"]

1. d4 e6 2. Bf4 b6 3. e3 Bb7 4. Nf3 Nf6 5. Nbd2 Be7 6. Bd3 Nh5 7. Bg3 Nxg3 8. hxg3 h6 9. Qe2 Nc6 10. c3 Bf6 11. e4 Qe7 12. e5 Bg5 13. Nxg5 Qxg5 14. Ne4 Qe7 15. g4 0-0-0 16. Ba6 d6 17. f4 dxe5 18. fxe5 Rhf8 19. Bxb7+ Kxb7 20. 0-0-0 a5 21. Rh5 a4 22. Qb5 Ra8 23. Nc5+ Kb8 24. Ne4 Qe8 25. Rh3 Ra5 26. Qe2 Ne7 27. c4 Qc6 28. Nc3 Qb7 29. Rf3 c5 30. d5 exd5 31. cxd5 b5 32. e6 b4 33. Qe5+ Ka8 34. Qxg7 Qb8 35. Ne4 Ra7 36. Rxf7 Re8 37. d6 Nc6 38. Rxa7+ Nxa7 39. Qe5 Rc8 40. Qd5+ Rc6 41. d7 Qf4+ 42. Kb1 1-0

[Event "Niederbayernliga 1516"]
[Site "Bayern"]
[Date "2016.01.31"]
[Round "6.5"]
[White "Reidl, Fabian"]
[Black "Soeder, Wolfgang"]
[Result "1-0"]
[WhiteElo "1545"]
[BlackElo "1807"]
[PlyCount "61"]
[EventDate "2015.10.11"]
[EventType "team-tourn"]
[EventRounds "9"]
[EventCountry "GER"]
[SourceTitle "EXT 2023"]
[Source "ChessBase"]
[SourceDate "2022.10.05"]
[SourceVersion "1"]
[SourceVersionDate "2022.10.05"]
[SourceQuality "1"]
[WhiteTeam "Landau Dingolfing II"]
[BlackTeam "Rottal II"]
[WhiteTeamCountry "GER"]
[BlackTeamCountry "GER"]

1. d4 Nf6 2. Nf3 e6 3. c4 d5 4. Bg5 Be7 5. Nc3 c6 6. e3 Nbd7 7. cxd5 exd5 8. Bd3 h6 9. Bh4 Ne4 10. Bxe7 Qxe7 11. Qc2 Ndf6 12. Ne5 Nd6 13. 0-0 0-0 14. h3 Nd7 15. Nf3 f5 16. Ne2 Ne4 17. Nf4 Qe8 18. h4 g6 19. b4 a6 20. a4 Rf6 21. b5 axb5 22. axb5 Rxa1 23. Rxa1 Rd6 24. bxc6 bxc6 25. Qb3 Kg7 26. Ra7 Kf6 27. Qb4 c5 28. dxc5 Nexc5 29. Qd4+ Ne5 30. Nxe5 Qxe5 31. Rf7+ 1-0

[Event "Niederbayernliga 1314"]
[Site "Bayern"]
[Date "2014.??.??"]
[Round "8"]
[White "Soeder, Wolfgang"]
[Black "Kuran, Wilfried"]
[Result "1-0"]
[WhiteElo "1816"]
[BlackElo "1812"]
[PlyCount "135"]
[EventDate "2013.10.13"]
[EventType "team-tourn"]
[EventRounds "9"]
[EventCountry "GER"]
[SourceTitle "EXT 2023"]
[Source "ChessBase"]
[SourceDate "2022.10.05"]
[SourceVersion "1"]
[SourceVersionDate "2022.10.05"]
[SourceQuality "1"]
[WhiteTeam "Rottal II"]
[BlackTeam "Passau II"]
[WhiteTeamCountry "GER"]
[BlackTeamCountry "GER"]

1. d4 Nf6 2. Nf3 g6 3. Bf4 d5 4. h3 Bg7 5. e3 0-0 6. Nbd2 c5 7. c3 Nbd7 8. Be2 Qb6 9. Qb3 c4 10. Qxb6 axb6 11. 0-0 b5 12. a4 Rxa4 13. b3 Ra6 14. bxc4 bxc4 15. Rxa6 bxa6 16. Rb1 Re8 17. Bd1 Nf8 18. Bc7 Bd7 19. Ne5 Bb5 20. Rb4 Rc8 21. Ba5 N6d7 22. Nxd7 Nxd7 23. Ba4 Bxa4 24. Rxa4 Rc6 25. Rb4 e5 26. Rb7 Nf8 27. Rb8 exd4 28. exd4 Bxd4 29. cxd4 c3 30. Nb3 Kg7 31. Rd8 c2 32. Nc1 Ne6 33. Rxd5 Rc4 34. Kf1 Kf8 35. Bb6 Ke8 36. g3 Rb4 37. Ba5 Rb1 38. Bd2 Nc7 39. Rc5 Nb5 40. Rc4 a5 41. Ke2 Ra1 42. Be3 a4 43. Kd2 Rb1 44. Rxa4 Rb2 45. Ra2 Rb4 46. Ne2 f5 47. Kxc2 Kd7 48. Rb2 Rc4+ 49. Kd3 Nd6 50. Bf4 Rc6 51. Bxd6 Kxd6 52. Rb7 Ra6 53. Rb2 Ke6 54. Nf4+ Kf6 55. Rb6+ Rxb6 56. Nd5+ Kg5 57. Nxb6 f4 58. Ke4 fxg3 59. fxg3 Kf6 60. d5 Ke7 61. Ke5 Kd8 62. Kd6 h5 63. h4 Ke8 64. Kc7 Kf7 65. d6 Kg7 66. d7 Kh7 67. d8Q Kh6 68. Qh8# 1-0

[Event "Niederbayernliga 1314"]
[Site "Bayern"]
[Date "2013.??.??"]
[Round "1"]
[White "Bergmann, Reiner"]
[Black "Soeder, Wolfgang"]
[Result "0-1"]
[WhiteElo "1786"]
[BlackElo "1816"]
[PlyCount "56"]
[EventDate "2013.10.13"]
[EventType "team-tourn"]
[EventRounds "9"]
[EventCountry "GER"]
[SourceTitle "EXT 2023"]
[Source "ChessBase"]
[SourceDate "2022.10.05"]
[SourceVersion "1"]
[SourceVersionDate "2022.10.05"]
[SourceQuality "1"]
[WhiteTeam "Bayerwald Regen/Zwiesel"]
[BlackTeam "Rottal II"]
[WhiteTeamCountry "GER"]
[BlackTeamCountry "GER"]

1. e4 c6 2. d4 d5 3. exd5 cxd5 4. Nc3 Nf6 5. Bd3 Nc6 6. Nge2 g6 7. f3 Bg7 8. Be3 Bf5 9. Bxf5 gxf5 10. Qd2 Rg8 11. 0-0-0 Rc8 12. Ng3 e6 13. Bf4 Qa5 14. Qe2 Kd7 15. Qb5 Qxb5 16. Nxb5 Bf8 17. Rhg1 a6 18. Nc3 b5 19. a3 Na5 20. Nge2 Nc4 21. Rdf1 Nh5 22. Bd2 Nxd2 23. Kxd2 Bh6+ 24. Kd1 Be3 25. Rh1 Rxg2 26. f4 Bf2 27. Na2 Nf6 28. Nb4 Ng4 0-1

[Event "Oberfranken-ch"]
[Site "Schney"]
[Date "2011.01.06"]
[Round "7"]
[White "Soeder, Wolfgang"]
[Black "Leicht, Gerhard"]
[Result "1/2-1/2"]
[WhiteElo "1818"]
[BlackElo "1788"]
[PlyCount "35"]
[EventDate "2011.01.03"]
[EventType "swiss"]
[EventRounds "7"]
[EventCountry "GER"]
[SourceTitle "EXT 2015"]
[Source "ChessBase"]
[SourceDate "2014.11.20"]
[SourceVersion "1"]
[SourceVersionDate "2014.11.20"]
[SourceQuality "1"]

1. d4 d5 2. Bf4 Nf6 3. e3 e6 4. Nf3 Be7 5. Nbd2 0-0 6. Bd3 c5 7. c3 Nc6 8. Ne5 Qb6 9. Rb1 cxd4 10. exd4 Re8 11. Qf3 g6 12. 0-0 Nh5 13. Bh6 Nxe5 14. dxe5 Ng7 15. Be3 Qd8 16. g4 f6 17. Bd4 Rf8 18. Qg3 1/2-1/2

[Event "Oberfranken-ch"]
[Site "Schney"]
[Date "2011.01.05"]
[Round "5"]
[White "Wunder, Stefan"]
[Black "Soeder, Wolfgang"]
[Result "1/2-1/2"]
[WhiteElo "2041"]
[BlackElo "1818"]
[PlyCount "64"]
[EventDate "2011.01.03"]
[EventType "swiss"]
[EventRounds "7"]
[EventCountry "GER"]
[SourceTitle "EXT 2015"]
[Source "ChessBase"]
[SourceDate "2014.11.20"]
[SourceVersion "1"]
[SourceVersionDate "2014.11.20"]
[SourceQuality "1"]

1. Nf3 d5 2. g3 Nf6 3. Bg2 e6 4. b3 Be7 5. Bb2 Nbd7 6. 0-0 0-0 7. c4 c6 8. d3 a5 9. a3 b5 10. Nd4 Qb6 11. cxb5 cxb5 12. Nd2 Bb7 13. Re1 Bc5 14. e3 Rac8 15. Bf1 Ba6 16. N2f3 Rc7 17. Bh3 Rfc8 18. g4 Bb7 19. g5 Ne8 20. Nh4 g6 21. Nhf3 Ng7 22. Bg4 Bxd4 23. Nxd4 Nf5 24. Bxf5 exf5 25. b4 a4 26. Qe2 Nf8 27. Rac1 Rxc1 28. Bxc1 Ne6 29. Bb2 Nxg5 30. Ba1 Ne6 31. Nf3 d4 32. Ne5 Qd6 1/2-1/2

[Event "Oberfranken-ch M 0910"]
[Site "Schney"]
[Date "2010.01.04"]
[Round "3"]
[White "Bierhahn, Michael"]
[Black "Soeder, Wolfgang"]
[Result "1-0"]
[WhiteElo "2099"]
[BlackElo "1971"]
[PlyCount "113"]
[EventDate "2010.01.03"]
[EventType "swiss"]
[EventRounds "7"]
[EventCountry "GER"]
[SourceTitle "EXT 2015"]
[Source "ChessBase"]
[SourceDate "2014.11.20"]
[SourceVersion "1"]
[SourceVersionDate "2014.11.20"]
[SourceQuality "1"]

1. e4 c6 2. c4 e6 3. Nf3 d5 4. cxd5 exd5 5. exd5 Qxd5 6. Nc3 Qd8 7. Bc4 Nf6 8. Ne5 Nd5 9. 0-0 Be7 10. Nxd5 cxd5 11. Bb5+ Kf8 12. d4 f6 13. Nf3 Bd7 14. Qd3 a6 15. Bxd7 Qxd7 16. Bf4 Nc6 17. Rfe1 Kf7 18. a3 g6 19. Rac1 Rac8 20. b4 Rhe8 21. h3 Bd6 22. Bxd6 Qxd6 23. Qd2 Qf8 24. Rc5 Rxe1+ 25. Qxe1 Ne7 26. Qc1 Qd8 27. Qf4 Kg7 28. g4 Rxc5 29. dxc5 Nc6 30. a4 Qe7 31. b5 axb5 32. axb5 Ne5 33. Nxe5 fxe5 34. Qc1 Qc7 35. Qc3 Kf7 36. b6 Qc6 37. Qxe5 Qxc5 38. Qc7+ Qe7 39. f4 Ke8 40. Qc8+ Kf7 41. Qc7 Ke8 42. Qxe7+ Kxe7 43. Kf2 h5 44. Ke3 Kd6 45. Kd4 h4 46. f5 gxf5 47. gxf5 Ke7 48. Kxd5 Kf7 49. Kd6 Kf6 50. Kc7 Kxf5 51. Kxb7 Kf4 52. Kc6 Kg3 53. b7 Kxh3 54. b8Q Kg2 55. Qg8+ Kh2 56. Qg4 h3 57. Kd5 1-0

[Event "Oberfranken-ch M 0809"]
[Site "Schney"]
[Date "2009.01.04"]
[Round "5"]
[White "Geisensetter, Franz"]
[Black "Soeder, Wolfgang"]
[Result "1/2-1/2"]
[WhiteElo "2073"]
[BlackElo "1964"]
[PlyCount "50"]
[EventDate "2009.01.02"]
[EventType "swiss"]
[EventRounds "7"]
[EventCountry "GER"]
[SourceTitle "CBM 128 Extra"]
[Source "ChessBase"]
[SourceDate "2009.03.05"]
[SourceVersion "2"]
[SourceVersionDate "2009.03.25"]
[SourceQuality "1"]

1. e4 e5 2. Nf3 Nf6 3. d4 Nxe4 4. dxe5 d5 5. Be2 Bc5 6. 0-0 0-0 7. c3 Re8 8. Bf4 f6 9. exf6 Nxf6 10. Nd4 c6 11. Bf3 Nbd7 12. b4 Bb6 13. Na3 Ne5 14. Be2 a5 15. b5 c5 16. Nf3 Ng6 17. Bg5 Be6 18. Nc2 h6 19. Bd3 Bf7 20. Bxf6 Qxf6 21. Ne3 Nf4 22. Bc2 Rad8 23. Rc1 d4 24. cxd4 cxd4 25. Ng4 Qd6 1/2-1/2

[Event "Oberfranken-ch M 0809"]
[Site "Schney"]
[Date "2009.01.02"]
[Round "1"]
[White "Urytskyy, Arkadiy"]
[Black "Soeder, Wolfgang"]
[Result "1/2-1/2"]
[WhiteElo "2154"]
[BlackElo "1964"]
[PlyCount "50"]
[EventDate "2009.01.02"]
[EventType "swiss"]
[EventRounds "7"]
[EventCountry "GER"]
[SourceTitle "CBM 128 Extra"]
[Source "ChessBase"]
[SourceDate "2009.03.05"]
[SourceVersion "2"]
[SourceVersionDate "2009.03.25"]
[SourceQuality "1"]

1. Nf3 Nf6 2. g3 d5 3. c4 e6 4. Bg2 c6 5. b3 d4 6. d3 a5 7. 0-0 Be7 8. h3 0-0 9. e4 c5 10. e5 Nfd7 11. Na3 Nc6 12. Re1 f5 13. exf6 Nxf6 14. Nb5 Na7 15. a4 Nxb5 16. axb5 Bd6 17. Ng5 e5 18. Ra2 Qc7 19. Ne4 Nxe4 20. Bxe4 Bf5 21. Qf3 Bxe4 22. Qxe4 b6 23. Bg5 Qf7 24. g4 Qf3 25. Rd2 Qxh3 1/2-1/2

[Event "Oberfranken-ch M 0708"]
[Site "Schney"]
[Date "2008.01.03"]
[Round "3"]
[White "Soeder, Wolfgang"]
[Black "Lengerer, Peter"]
[Result "1/2-1/2"]
[WhiteElo "1803"]
[BlackElo "2050"]
[PlyCount "73"]
[EventDate "2008.01.02"]
[EventType "swiss"]
[EventRounds "7"]
[EventCountry "GER"]
[SourceTitle "CBM 122 Extra"]
[Source "ChessBase"]
[SourceDate "2008.03.04"]
[SourceVersion "1"]
[SourceVersionDate "2008.03.04"]
[SourceQuality "1"]

1. d4 g6 2. Nf3 Bg7 3. Bf4 d6 4. e4 c5 5. c3 Nf6 6. Nbd2 Nbd7 7. Bc4 0-0 8. h3 cxd4 9. cxd4 d5 10. Bb3 dxe4 11. Ng5 Qa5 12. 0-0 h6 13. Ngxe4 Nxe4 14. Nxe4 Qf5 15. Qf3 g5 16. Be3 Qxf3 17. gxf3 Rd8 18. Kh2 Nf8 19. Rad1 Ng6 20. Nc3 Kf8 21. d5 Be5+ 22. Kh1 Bxh3 23. Rfe1 Nh4 24. Bc5 Nxf3 25. Re3 g4 26. Nb5 a6 27. d6 exd6 28. Nxd6 Bxd6 29. Bxd6+ Kg8 30. Re7 Ng5 31. Rxb7 Rac8 32. Rc7 Rxc7 33. Bxc7 Rxd1+ 34. Bxd1 Bf1 35. Bxg4 Bc4 36. a3 Bd5+ 37. Kh2 1/2-1/2

[Event "Oberfranken-ch Q 0607"]
[Site "Schney"]
[Date "2007.01.03"]
[Round "3"]
[White "Martius, Roland"]
[Black "Soeder, Wolfgang"]
[Result "1/2-1/2"]
[WhiteElo "1736"]
[BlackElo "1811"]
[PlyCount "49"]
[EventDate "2007.01.02"]
[EventType "swiss"]
[EventRounds "6"]
[EventCountry "GER"]
[SourceTitle "EXT 2015"]
[Source "ChessBase"]
[SourceDate "2014.11.20"]
[SourceVersion "1"]
[SourceVersionDate "2014.11.20"]
[SourceQuality "1"]

1. c4 Nf6 2. Nc3 e6 3. d4 d5 4. e3 c6 5. Nf3 Nbd7 6. a3 Bd6 7. c5 Bb8 8. b4 a6 9. Bb2 0-0 10. Bd3 e5 11. dxe5 Nxe5 12. h3 Nxd3+ 13. Qxd3 h6 14. Ne2 Re8 15. Rd1 Re7 16. 0-0 Ne4 17. Qd4 f6 18. Qd3 Bf5 19. Qb3 g5 20. Nfd4 Bg6 21. Nf3 Kg7 22. Ned4 Qd7 23. Nd2 Qc7 24. f4 Nxd2 25. Rxd2 1/2-1/2

[Event "Oberfranken-ch M 0506"]
[Site "Schney"]
[Date "2006.01.03"]
[Round "4"]
[White "Soeder, Wolfgang"]
[Black "Popov, Roman"]
[Result "1/2-1/2"]
[WhiteElo "1815"]
[BlackElo "2106"]
[PlyCount "27"]
[EventDate "2006.01.02"]
[EventType "swiss"]
[EventRounds "9"]
[EventCountry "GER"]
[SourceTitle "EXT 2015"]
[Source "ChessBase"]
[SourceDate "2014.11.20"]
[SourceVersion "1"]
[SourceVersionDate "2014.11.20"]
[SourceQuality "1"]

1. d4 Nf6 2. Nf3 c6 3. Bf4 d5 4. h3 Qb6 5. Qc1 g6 6. e3 h5 7. Bd3 Bg7 8. Nbd2 Bf5 9. Ne5 Nbd7 10. Ndf3 Nxe5 11. Nxe5 Nd7 12. Nxd7 Bxd7 13. c3 c5 14. 0-0 1/2-1/2

[Event "Oberfranken-ch M 0506"]
[Site "Schney"]
[Date "2006.01.02"]
[Round "1"]
[White "Soeder, Wolfgang"]
[Black "Herdin, Hans Ulrich"]
[Result "0-1"]
[WhiteElo "1815"]
[BlackElo "2042"]
[PlyCount "105"]
[EventDate "2006.01.02"]
[EventType "swiss"]
[EventRounds "9"]
[EventCountry "GER"]
[SourceTitle "EXT 2015"]
[Source "ChessBase"]
[SourceDate "2014.11.20"]
[SourceVersion "1"]
[SourceVersionDate "2014.11.20"]
[SourceQuality "1"]

1. d4 g6 2. Nf3 Bg7 3. Bf4 Nf6 4. e3 0-0 5. c3 b6 6. Nbd2 c5 7. Bd3 Nc6 8. h4 d6 9. Ng5 cxd4 10. exd4 e5 11. Be3 Ng4 12. Ndf3 h6 13. Qc2 Nxe3 14. fxe3 exd4 15. Nxf7 Rxf7 16. Bxg6 dxc3 17. Bxf7+ Kxf7 18. 0-0 Kg8 19. Rad1 Qe7 20. e4 Bg4 21. Qd3 Rc8 22. bxc3 Bf8 23. Rde1 Ne5 24. Nxe5 dxe5 25. Qg3 h5 26. Rf5 Bg7 27. Rg5 Qc5+ 28. Re3 Rf8 29. Kh2 Kh7 30. Rd3 Qf2 31. Rxg7+ Kxg7 32. Qxe5+ Qf6 33. Qg3 Qf4 34. Rd7+ Kg8 35. Rxa7 Qxg3+ 36. Kxg3 Rc8 37. Ra3 Kf7 38. Kf4 Ke6 39. Rb3 Rc6 40. Ke3 Kd7 41. e5 Ke6 42. Kd4 Be2 43. Rb4 b5 44. a4 bxa4 45. Rxa4 Kf5 46. Ra2 Rc4+ 47. Ke3 Re4+ 48. Kf2 Bc4 49. Ra8 Re2+ 50. Kg3 Re3+ 51. Kf2 Rxe5 52. Rf8+ Kg4 53. Rg8+ 0-1